LEADER 01040naa a2200241 u 4500 001 000000094900 003 CaOOAMICUS 005 20070226130140.0 008 040519s1974 cau u000 u eng u 020 $a0520026020 035 $a10996081 040 $aIAR$bita 100 1 $aRay, Roger D.$0(OLS)http://pul/name/60886 245 10$aMedieval historiography through the twelfth century :$bProblems and progress of research /$cRoger D. Ray. 260 $aBerkeley, ... :$bUniversity of California Press,$c1974. 300 $av.5, S. 33-60, ;$c26 cm 650 4$aStoriografia medievale$ySec. XII.$0(OLS)http://pul/subject/30265 730 0 $aViator$g[Spogli].$0(OLS)http://pul/title/7280 773 0 $aViator.$gv.5 (1974) 773 0 $tViator$w()4993 996 $6020$a0520026020$9(OLS)http://pul/number/124389 996 $6245$aMedieval historiography through the twelfth century :$bProblems and progress of research$9(OLS)http://pul/title/121782 996 $6260$aBerkeley, ... :$bUniversity of California Press$9(OLS)http://pul/publisher/79179 LEADER 01402nam a2200301 u 4500 001 000000060461 003 CaOOAMICUS 005 20070226120920.0 008 010724q1967 it u000 u ita u 035 $a10898256 040 $aPUL(R)$bita 100 1 $aCavalletti, Sofia.$0(OLS)http://pul/name/16970 245 13$aLa storia della salvezza :$bdalla creazione alla redenzione /$cSofia Cavalletti. 260 $aRoma :$bColetti,$c[1967] 300 $a2 v. ;$c20 cm 504 $aContiene indicazioni bibliografiche. 505 0 $aParte I. L'Antico Testamento. -- Parte II. Il Nuovo Testamento, la morale. 630 04$aBiblia.$pV.T.$xCritica e interpretazione.$0(OLS)http://pul/subject/3062 630 04$aBiblia.$pN.T.$xCritica e interpretazione.$0(OLS)http://pul/subject/1926 650 4$aSalvezza.$0(OLS)http://pul/subject/2067 850 $aPUL 852 $aPUL$W1$xSL Religione 1$y3$m57 I 5-6$j78827$nBK-PRI$b $qStampati$B78827$CPULBib$Z2$F78827 $H $81 852 $aPUL$W1$xSL Religione 1$y3$m57 I 5-6$j78827$nBK-PRI$b $qStampati$B78828$CPULBib$Z2$F78828 $H $81 941 1 $a8 961 $aINV: 28020 - 28021 961 $aINV: 28020 - 28021 996 $6245$aLa storia della salvezza :$bdalla creazione alla redenzione$9(OLS)http://pul/title/80816 996 $6260$aRoma :$bColetti$9(OLS)http://pul/publisher/47921